[Event "Sant Adria de Besos op 2nd B"]
[Site "Sant Adria de Besos"]
[Date "2018.08.15"]
[Round "8.13"]
[White "Ji, Pablo"]
[Black "Martin Sanchez, Antoni"]
[Result "1-0"]
[WhiteElo "1783"]
[BlackElo "1535"]
[PlyCount "49"]
[EventDate "2018.08.10"]
[EventType "swiss"]
[EventRounds "9"]
[EventCountry "ESP"]
[SourceTitle "EXT 2024"]
[Source "ChessBase"]
[SourceDate "2023.10.10"]
[SourceVersion "1"]
[SourceVersionDate "2023.10.10"]
[SourceQuality "1"]

1. e4 d6 2. d4 e6 3. Nc3 c6 4. Nf3 Ne7 5. Be2 d5 6. exd5 Nxd5 7. Nxd5 exd5 8. 0-0 Bd6 9. Bg5 Qc7 10. Bd3 0-0 11. Re1 Bg4 12. h3 Bh5 13. c4 dxc4 14. Bxc4 Nd7 15. Qb3 Nb6 16. Re3 Nxc4 17. Qxc4 Bf4 18. Bxf4 Qxf4 19. Qc5 Bg6 20. Rae1 Qf5 21. Qb4 b6 22. Qe7 Qd5 23. Qb7 Qxa2 24. Qxa8 Rxa8 25. Re8+ 1-0

[Event "Sant Adria de Besos op 2nd B"]
[Site "Sant Adria de Besos"]
[Date "2018.08.12"]
[Round "3.8"]
[White "Clanchet Olle, Josep"]
[Black "Ji, Pablo"]
[Result "1-0"]
[WhiteElo "1696"]
[BlackElo "1783"]
[PlyCount "67"]
[EventDate "2018.08.10"]
[EventType "swiss"]
[EventRounds "9"]
[EventCountry "ESP"]
[SourceTitle "EXT 2024"]
[Source "ChessBase"]
[SourceDate "2023.10.10"]
[SourceVersion "1"]
[SourceVersionDate "2023.10.10"]
[SourceQuality "1"]

1. e4 c5 2. Nf3 d6 3. d4 cxd4 4. Qxd4 Nc6 5. Bb5 Bd7 6. Bxc6 Bxc6 7. Nc3 Nf6 8. Bg5 h6 9. Bh4 g5 10. Bg3 Bg7 11. 0-0-0 Nh5 12. Qd3 Nxg3 13. hxg3 Qb6 14. Nd4 a5 15. Nd5 Bxd5 16. exd5 Bxd4 17. Qxd4 Qxd4 18. Rxd4 Rc8 19. Re1 Kd7 20. Rde4 Rhe8 21. c4 b5 22. b3 bxc4 23. bxc4 e6 24. Kd2 exd5 25. Rxe8 Rxe8 26. Rxe8 Kxe8 27. cxd5 f5 28. Kc3 Ke7 29. f4 Kf6 30. Kc4 h5 31. Kb5 h4 32. gxh4 gxh4 33. Kc6 Ke7 34. a4 1-0

[Event "Barcelona Sant Marti op-A 20th"]
[Site "Barcelona"]
[Date "2018.07.21"]
[Round "9"]
[White "Llorens Gou, Juan"]
[Black "Ji, Pablo"]
[Result "1/2-1/2"]
[WhiteElo "1717"]
[BlackElo "1774"]
[PlyCount "74"]
[EventDate "2018.07.13"]
[EventType "swiss"]
[EventRounds "9"]
[EventCountry "ESP"]
[SourceTitle "CBM 185 Extra"]
[Source "ChessBase"]
[SourceDate "2018.07.29"]
[SourceVersion "1"]
[SourceVersionDate "2018.07.29"]
[SourceQuality "1"]

1. d4 e6 2. Bf4 Nf6 3. Nf3 d5 4. e3 Nbd7 5. Bd3 c5 6. c3 Be7 7. Nbd2 0-0 8. 0-0 a6 9. h3 h6 10. a4 b6 11. Re1 Bb7 12. Bh2 Rc8 13. e4 Nxe4 14. Nxe4 dxe4 15. Bxe4 Bxe4 16. Rxe4 Nf6 17. Re1 c4 18. Qe2 Qd5 19. Ne5 Rfe8 20. Qf3 Qxf3 21. Nxf3 Red8 22. Ne5 Nd5 23. Ng4 Bd6 24. Bxd6 Rxd6 25. g3 Rc7 26. Ne3 Ne7 27. Nc2 Nc6 28. Kg2 Rc8 29. f4 Kf8 30. Ne3 Ne7 31. Nc2 Nc6 32. Ne3 Ne7 33. Nc2 Nd5 34. Ne3 Ne7 35. Nc2 Nd5 36. Ne3 Ne7 37. Nc2 Nd5 1/2-1/2

[Event "Barcelona Sant Marti op-A 20th"]
[Site "Barcelona"]
[Date "2018.07.18"]
[Round "6"]
[White "Ji, Pablo"]
[Black "Robert, Thibaud"]
[Result "1-0"]
[WhiteElo "1774"]
[BlackElo "1830"]
[PlyCount "87"]
[EventDate "2018.07.13"]
[EventType "swiss"]
[EventRounds "9"]
[EventCountry "ESP"]
[SourceTitle "CBM 185 Extra"]
[Source "ChessBase"]
[SourceDate "2018.07.29"]
[SourceVersion "1"]
[SourceVersionDate "2018.07.29"]
[SourceQuality "1"]

1. e4 e6 2. d4 d5 3. Nc3 Bb4 4. e5 Ne7 5. Nf3 b6 6. a3 Bxc3+ 7. bxc3 Ba6 8. Bxa6 Nxa6 9. Qd3 Qc8 10. h4 h5 11. Bd2 c5 12. Qb5+ Kf8 13. Qd3 Nf5 14. Bg5 Nc7 15. 0-0 Qa6 16. Qd2 cxd4 17. cxd4 Qa4 18. Rfb1 Na6 19. Rb3 Ke8 20. Rab1 Kd7 21. c3 Rac8 22. Ne1 Rc4 23. Nd3 Rhc8 24. Nf4 g6 25. Ne2 Qa5 26. Qd3 Nc7 27. f3 b5 28. g4 hxg4 29. fxg4 Ne7 30. Qf3 Ke8 31. Qf6 Ng8 32. Qg7 Kd7 33. Qxf7+ Kc6 34. h5 gxh5 35. gxh5 Qb6 36. h6 Nxh6 37. Bxh6 Qb8 38. Nf4 Rh8 39. Bg7 Rh4 40. Kf2 Kb6 41. Nxe6 a6 42. Bf6 Rh2+ 43. Kg3 Rc2 44. Bd8 1-0

[Event "Barcelona Sant Marti op-B 18th"]
[Site "Barcelona"]
[Date "2016.07.20"]
[Round "8.4"]
[White "Elizondo Marquet, Juan Marcos"]
[Black "Ji, Pablo"]
[Result "1-0"]
[WhiteElo "1870"]
[BlackElo "1606"]
[PlyCount "159"]
[EventDate "2016.07.13"]
[EventType "swiss"]
[EventRounds "9"]
[EventCountry "ESP"]
[SourceTitle "EXT 2024"]
[Source "ChessBase"]
[SourceDate "2023.10.10"]
[SourceVersion "1"]
[SourceVersionDate "2023.10.10"]
[SourceQuality "1"]

1. e4 c5 2. Nf3 d6 3. Nc3 Nc6 4. d4 cxd4 5. Nxd4 Nf6 6. Bc4 g6 7. h3 Bg7 8. Nf3 0-0 9. 0-0 b6 10. Re1 Bb7 11. Bg5 Rc8 12. Qd2 Na5 13. Bb3 Nc4 14. Bxc4 Rxc4 15. e5 Ne4 16. Nxe4 Bxe4 17. exd6 Bf6 18. Bxf6 exf6 19. Nd4 Bd5 20. b3 Rc5 21. c4 Bxc4 22. bxc4 Qxd6 23. Nb3 Qxd2 24. Nxd2 Rd8 25. Re2 b5 26. Rc1 bxc4 27. Nxc4 h5 28. Rec2 Kg7 29. Ne3 Ra5 30. Rb1 Ra4 31. Rb7 a6 32. Rb6 f5 33. g3 Rd7 34. Rcb2 a5 35. R6b5 Rc7 36. Nd5 Rc1+ 37. Kg2 Ra3 38. R5b3 Ra4 39. Nb6 Re4 40. Rb5 h4 41. gxh4 a4 42. Ra5 Rxh4 43. Rxa4 Rh8 44. Rab4 Rc3 45. R2b3 Rc2 46. a4 Rb8 47. a5 Ra2 48. Rb5 Rb7 49. Nc4 Ra7 50. Rb7 Ra6 51. R7b6 Ra7 52. Rb7 Ra6 53. R3b6 Ra8 54. Rc6 Re8 55. Rb2 Ra4 56. a6 Ra8 57. Rbb6 Ra7 58. Nd6 Ra2 59. Nc8 Rd7 60. Rc3 Rdd2 61. Rf3 Rdc2 62. Nd6 Rd2 63. Nb5 Rdb2 64. a7 Rxa7 65. Nxa7 Rxb6 66. Rc3 Rb7 67. Nc8 Rd7 68. Nb6 Rb7 69. Nd5 Rd7 70. Rc5 Rd6 71. Kg3 f6 72. Kf4 Re6 73. f3 Re5 74. Rc7+ Kf8 75. Nxf6 Re1 76. h4 Rh1 77. Rh7 Rh3 78. h5 gxh5 79. Rxh5 Rxh5 80. Nxh5 1-0

[Event "Barcelona Sant Marti op-B 18th"]
[Site "Barcelona"]
[Date "2016.07.13"]
[Round "1.22"]
[White "Flores Mendoza, Jose Antonio"]
[Black "Ji, Pablo"]
[Result "1-0"]
[WhiteElo "1877"]
[BlackElo "1606"]
[PlyCount "93"]
[EventDate "2016.07.13"]
[EventType "swiss"]
[EventRounds "9"]
[EventCountry "ESP"]
[SourceTitle "EXT 2024"]
[Source "ChessBase"]
[SourceDate "2023.10.10"]
[SourceVersion "1"]
[SourceVersionDate "2023.10.10"]
[SourceQuality "1"]

1. d4 d5 2. c4 c6 3. Nc3 Nf6 4. Bf4 e6 5. e3 Nbd7 6. c5 Be7 7. Bd3 a5 8. a3 b5 9. b4 a4 10. h3 0-0 11. g4 Bb7 12. Nf3 h6 13. Qc2 Re8 14. 0-0-0 Ne4 15. Bxe4 dxe4 16. Nxe4 Nf6 17. Nxf6+ Bxf6 18. e4 Bg5 19. Bxg5 hxg5 20. Qd2 f6 21. h4 gxh4 22. Rxh4 Kf7 23. g5 Rh8 24. Rdh1 Rxh4 25. Rxh4 f5 26. Ne5+ Ke7 27. g6 Qf8 28. Nf7 Kd7 29. exf5 exf5 30. Qf4 Re8 31. Rh8 Qe7 32. Rxe8 Qxe8 33. Qxf5+ Kc7 34. Qe5+ Qxe5 35. dxe5 Bc8 36. Nd6 Bg4 37. f4 Kd7 38. f5 Ke7 39. Kd2 Bf3 40. Ke3 Bd5 41. Kf4 Bb3 42. Kg5 Ba2 43. f6+ Kf8 44. fxg7+ Kxg7 45. Nf5+ Kf8 46. Kf6 Bb1 47. g7+ 1-0

[Event "Barcelona Sant Marti op-B 16th"]
[Site "Barcelona"]
[Date "2014.07.14"]
[Round "2"]
[White "Ji, Pablo"]
[Black "Petit Montes, Marc"]
[Result "1/2-1/2"]
[WhiteElo "1931"]
[BlackElo "2040"]
[PlyCount "97"]
[EventDate "2014.07.13"]
[EventType "swiss"]
[EventRounds "9"]
[EventCountry "ESP"]
[SourceTitle "CBM 161 Extra"]
[Source "ChessBase"]
[SourceDate "2014.08.29"]
[SourceVersion "1"]
[SourceVersionDate "2014.08.29"]
[SourceQuality "1"]

1. e4 c6 2. d4 d5 3. e5 Bf5 4. Nf3 e6 5. Be2 Nd7 6. Be3 Ne7 7. Nbd2 c5 8. c4 dxc4 9. Nxc4 Nc6 10. 0-0 cxd4 11. Bxd4 Be7 12. Bc3 0-0 13. Re1 Nc5 14. Nd4 Nxd4 15. Bxd4 Nd3 16. Bxd3 Qxd4 17. Bxf5 Qxc4 18. Be4 Rfd8 19. Qh5 g6 20. Qf3 Rab8 21. Rac1 Qb4 22. b3 b6 23. g3 Rbc8 24. Qf4 Rxc1 25. Rxc1 Bc5 26. h4 Rd2 27. Rf1 Rd4 28. a3 Qd2 29. Qf3 Bxa3 30. h5 gxh5 31. Kg2 Qg5 32. Rh1 Qxe5 33. Bxh7+ Kf8 34. Rxh5 f5 35. Qa8+ Ke7 36. Qxa7+ Kf6 37. Rh6+ Kg5 38. f4+ Rxf4 39. gxf4+ Kxf4 40. Rh4+ Kg5 41. Qxa3 Qe2+ 42. Kg3 Qe3+ 43. Kg2 Qe2+ 44. Kg3 Qe1+ 45. Kf3 Qf1+ 46. Kg3 f4+ 47. Rxf4 Qxf4+ 48. Kg2 Qd2+ 49. Kf3 1/2-1/2

[Event "Barcelona Sant Marti op-B 15th"]
[Site "Barcelona"]
[Date "2013.07.21"]
[Round "9"]
[White "Garrido Prats, Diego"]
[Black "Ji, Pablo"]
[Result "1-0"]
[WhiteElo "1776"]
[BlackElo "1546"]
[PlyCount "33"]
[EventDate "2013.07.13"]
[EventType "swiss"]
[EventRounds "9"]
[EventCountry "ESP"]
[SourceTitle "CBM 155 Extra"]
[Source "ChessBase"]
[SourceDate "2013.08.26"]
[SourceVersion "1"]
[SourceVersionDate "2013.08.26"]
[SourceQuality "1"]

1. d4 Nf6 2. Nf3 c5 3. c3 cxd4 4. cxd4 d6 5. Bf4 g6 6. Nc3 Bg7 7. Qd2 Nbd7 8. Bh6 0-0 9. Bxg7 Kxg7 10. h4 b6 11. h5 Bb7 12. hxg6 fxg6 13. Qh6+ Kh8 14. Ng5 Qe8 15. Nxh7 Kg8 16. Ng5 Nh5 17. Qh7# 1-0

[Event "Barcelona Sant Marti op-B 15th"]
[Site "Barcelona"]
[Date "2013.07.14"]
[Round "2"]
[White "Escofet Llongueras, Joan"]
[Black "Ji, Pablo"]
[Result "0-1"]
[WhiteElo "1793"]
[BlackElo "1546"]
[PlyCount "70"]
[EventDate "2013.07.13"]
[EventType "swiss"]
[EventRounds "9"]
[EventCountry "ESP"]
[SourceTitle "CBM 155 Extra"]
[Source "ChessBase"]
[SourceDate "2013.08.26"]
[SourceVersion "1"]
[SourceVersionDate "2013.08.26"]
[SourceQuality "1"]

1. c4 Nf6 2. Nc3 c5 3. g3 Nc6 4. Bg2 g6 5. e4 Bg7 6. Nge2 0-0 7. 0-0 d6 8. h3 Bd7 9. d3 Qc8 10. Kh2 a6 11. Be3 e5 12. f4 Rb8 13. fxe5 Nxe5 14. Qd2 Re8 15. Nd5 Nxd5 16. cxd5 Bb5 17. Nc1 Qc7 18. Rf2 a5 19. Rb1 b6 20. b3 Qd7 21. d4 cxd4 22. Bxd4 Rec8 23. Bf1 Bxf1 24. Rxf1 Qe7 25. Nd3 Nxd3 26. Qxd3 Bxd4 27. Qxd4 Rc2+ 28. Kg1 Qg5 29. Qd3 Rbc8 30. Rf2 R8c3 31. Qf1 Rxg3+ 32. Kh2 Rxf2+ 33. Qxf2 Re3 34. Rf1 Qe5+ 35. Kg1 Rg3+ 0-1